L'Equateur pour les touristes... - Statistiques

Statistiques générales
  • Ce quiz a été pris 19 fois
  • Le résultat moyen est 10 sur 20
Statistiques - réponses
Question Indice Réponses % Correct
Quelles sont les langues officielles ? Espagnol
100%
Avez-vous besoin d'un visa ? (oui/non) Non
88%
Quelles sont les principaux lieux touristiques ? Q Quito
88%
La conduite se fait à droite ou à gauche ? Droite
82%
Quel est le climat local ? T Tropical
82%
Dans la capitale quel est le décalage horaire avec Paris ? (+ ou - et chiffre) ex - 10 - 7
71%
Combien d'heures (environ) mettrez-vous pour vous y rendre ? (en chiffres) 14
65%
La vitesse est limitée hors des villes à {90} km/h
65%
Le suffixe internet est ec
65%
Quelles sont les principaux lieux touristiques ? G Iles {Galapagos}
65%
Achats à faire 2/ Boisson chaude Café
53%
La religion majoritaire est Catholicisme
53%
Quelles sont les langues officielles ? Quechua
47%
Le principal aéroport est G Guayaquil
29%
Quelle est la monnaie ? Dollar américain
24%
Achats à faire 1/ Jouet Toupie
18%
Quelles sont les principaux lieux touristiques ? A Amazonie
6%
Comment se nomme la principale compagnie aérienne locale A E Avianca Ecuador
0%
Achats à faire 4/ Douceurs locales Colacion
0%
Achats à faire 3/ Instrument typique Rondador
0%
Aucun quiz correspondant
Distribution des résultats
% des personnes avec chaque résultat
Percentile par nombre de réponses
Votre historique - résultats
Vous n’avez pas pris ce quiz